Mexican Football Logo Quiz - Statistics

General Stats
  • This quiz has been taken 23 times
  • The average score is 16 of 18
Answer Stats
Picture Answer % Correct
Tigres UNAL
100%
Cruz Azul
96%
Pachuca
96%
Puebla
96%
Queretaro
96%
Santos
96%
Tijuana
96%
Toluca
96%
America
91%
Guadalajara
91%
Leon
91%
Mazatlan FC
91%
Necaxa
91%
Atletico de San Luis
87%
Monterrey
83%
FC Juarez
78%
Atlas
65%
Pumas UNAM
65%
No matching quizzes found
Score Distribution
Percent of People with Each Score
Percentile by Number Answered
Your Score History
You have not taken this quiz